Kungmunhak chʻŏnghwa / (Record no. 35434)

MARC details
000 -LEADER
fixed length control field 00761cam a22002411a 4500
001 - CONTROL NUMBER
control field k 68000562
003 - CONTROL NUMBER IDENTIFIER
control field DLC
005 - DATE AND TIME OF LATEST TRANSACTION
control field 20260227111525.0
008 - FIXED-LENGTH DATA ELEMENTS--GENERAL INFORMATION
fixed length control field 990730s1949 ko 00010 kor
010 ## - LIBRARY OF CONGRESS CONTROL NUMBER
LC control number k 68000562
035 ## - SYSTEM CONTROL NUMBER
System control number (CStRLIN)DCLP99-B9681
040 ## - CATALOGING SOURCE
Original cataloging agency DLC
Transcribing agency DLC-R
050 00 - LIBRARY OF CONGRESS CALL NUMBER
Classification number PL970
Item number .Y3
066 ## - CHARACTER SETS PRESENT
Alternate G0 or G1 character set $1
100 1# - MAIN ENTRY--PERSONAL NAME
Linkage 880-01
Personal name Yang, Chu-dong,
Dates associated with a name 1903-
245 10 - TITLE STATEMENT
Linkage 880-02
Title Kungmunhak chʻŏnghwa /
Statement of responsibility, etc. Yang Chu-dong chʻan.
260 ## - PUBLICATION, DISTRIBUTION, ETC.
Linkage 880-03
Place of publication, distribution, etc. Sŏul :
Name of publisher, distributor, etc. Minjung Sŏgwan,
Date of publication, distribution, etc. 1949.
300 ## - PHYSICAL DESCRIPTION
Extent 1 v. (various paging) ;
Dimensions 21 cm.
650 #0 - SUBJECT ADDED ENTRY--TOPICAL TERM
Topical term or geographic name entry element Korean literature.
880 1# - ALTERNATE GRAPHIC REPRESENTATION
Linkage 100-01/$1
a 梁 柱東,
d 1903-
880 10 - ALTERNATE GRAPHIC REPRESENTATION
Linkage 245-02/$1
a 國文學 菁華 /
c 梁 柱東 撰.
880 ## - ALTERNATE GRAPHIC REPRESENTATION
Linkage 260-03/$1
a 서울 :
b 民衆 書館,
c 1949.

No items available.

Powered by Koha